Les joueurs de la Côte d'Ivoire depuis leur dernier trophée - Statistiques

Statistiques générales
  • Ce quiz a été pris 28 fois
    9 depuis la dernière actualisation
  • Le résultat moyen est 21 sur 47
Statistiques - réponses
Poste Joueurs Clubs (depuis le 12/02/2024) % Correct
M Franck Kessié Al-Ahli
100%
M Seko Fofana Al-Nassr, Al-Ettifaq (prêt), Stade Rennais
100%
G Yahia Fofana Angers SCO, Caykur Rizespor
100%
A Amad Diallo Manchester United
86%
D Evan Ndicka AS Rome
86%
D Ghislain Konan Al-Nassr, Burgos CF, Gil Vicente FC
86%
D Guéla Doué Stade Rennais, RC Strasbourg
86%
D Wilfried Singo AS Monaco, Galatasaray
86%
M Jean Michaël Seri Hull City, Al-Orobah, NK Maribor
71%
M Mohamed Diomandé FC Nordsjaelland, Glasgow Rangers (prêt), Glasgow Rangers
71%
A Nicolas Pépé Arsenal, Trabzonspor (prêt), Villarreal
71%
D Odilon Kossonou Bayer Leverkusen, Atalanta (prêt), Atalanta
71%
D Ousmane Diomandé Sporting CP
71%
A Sébastien Haller Borussia Dortmund, CD Leganés (prêt), FC Utrecht (prêt), FC Utrecht
71%
D Sinaly Diomandé Olympique Lyonnais, AJ Auxerre
71%
D Willy Boly Nottingham Forest
71%
G Alban Lafont FC Nantes, Panathinaïkos (prêt)
57%
A Evann Guessand OGC Nice, Aston Villa
57%
A Jean-Philippe Krasso Etoile Rouge de Belgrade, Paris FC
57%
A Oumar Diakité Stade de Reims
57%
A Simon Adingra Brighton & Hove Albion, AFC Sunderland
57%
G Badra Ali Sangaré Sekhukhune United, Baroka FC
43%
A Bénie Traoré Sheffield United, FC Nantes (prêt), FC Bâle
43%
D Emmanuel Agbadou Stade de Reims, Wolverhampton Wanderers
43%
M Hamed Junior Traoré AFC Bournemouth, SSC Napoli (prêt), AJ Auxerre (prêt), Olympique de Marseille
43%
M Ibrahim Sangaré Nottingham Forest
43%
A Jérémie Boga OGC Nice
43%
D Abakar Sylla RC Strasbourg
29%
D Christopher Operi Le Havre AC, Istanbul Basaksehir
29%
D Eric Bailly Villarreal
29%
M Lazare Amani Union Saint-Gilloise, Standard Liège (prêt)
29%
A Mohamed Bamba FC Lorient
29%
G Mohamed Koné Le Havre AC, USL Dunkerque (prêt), RSC Charleroi
29%
D Armel Zohouri Sheriff Tiraspol, FC Iberia 1999
14%
M Jean-Eudes Aholou RC Strasbourg, Angers SCO, Umm Salal SC
14%
A Jean Evrard Kouassi Zhejiang FC, Umm Salal SC
14%
M Jean-Philippe Gbamin USL Dunkerque, FC Nantes, FC Zurich, FC Metz
14%
A Karim Konaté RB Salzbourg
14%
A Parfait Guiagon RSC Charleroi
14%
A Vakoun Bayo Watford FC, Udinese, Watford FC (prêt)
14%
D Cédric Kipré West Bromwich Albion, Stade de Reims, Ipswich Town (prêt)
0%
D Clément Akpa AJ Auxerre
0%
A Emmanuel Latte Lath Middlesbrough FC, Atlanta United
0%
A Guy Stéphane Bédi FC San Pedro, JS Saoura
0%
D Hassane Kamara Udinese
0%
M Mario Dorgeles FC Nordsjaelland, SC Braga
0%
M Mory Gbane FK Khimki, Gil Vicente FC (prêt), Gil Vicente FC, Stade de Reims
0%
Aucun quiz correspondant
Distribution des résultats
% des personnes avec chaque résultat
Percentile par nombre de réponses
Votre historique - résultats
Vous n’avez pas pris ce quiz depuis la dernière actualisation